000 00264nam a22001097a 4500
082 _a511.024620RAJ
100 _aRajasekaran S
245 _aNumerical methods in science and engineering
260 _aNew Delhi
_bS.Chand and cop
_c2010
300 _a670
942 _cBK
999 _c15481
_d15481